North American Capitals Without First or Last Letters Quiz #1 - Statistics

General Stats
  • This quiz has been taken 20 times
  • The average score is 11 of 12
Answer Stats
North American Capitals Without First or Last Letters Full North American Capitals (and Countries) % Correct
ridgetow Bridgetown (Barbados)
100%
ingsto Kingston (Jamaica)
100%
uatemal it Guatemala City (Guatemala)
95%
exic it Mexico City (Mexico)
95%
anam it Panama City (Panama)
95%
ain eorge' Saint George's (Grenada)
95%
ingstow Kingstown (Saint Vincent and the Grenadines)
90%
avan Havana (Cuba)
85%
asseterr Basseterre (Saint Kitts and Nevis)
80%
elmopa Belmopan (Belize)
80%
egucigalp Tegucigalpa (Honduras)
80%
or-*-rinc Port-au-Prince (Haiti)
75%
No matching quizzes found
Score Distribution
Percent of People with Each Score
Percentile by Number Answered
Your Score History
You have not taken this quiz